000 00293nam a2200145Ia 4500
100 _aRussel R.S
250 _a4
942 _cBK
654 _amanagement
245 _aOperations Management
260 _bPearson Edu
_c2003
082 _a658.4034
_bRUS
300 _a824
546 _aENGLISH
999 _c32024
_d32024